000 01019nam a2200241Ia 4500
999 _c52526
_d52526
001 19550
003 GE_BSU
005 20200303210351.0
008 181216s1982||||ge |||||||||||||| ||geo||
040 _cGE_BSU
041 _ageo
080 _a811.353.1(076.1) ლ-85
100 _aლორთქიფანიძე, პ.
_97680
245 _aსავარჯიშოები ფონეტიკაში : IV კლასი :
_b[მასწავლებელთათვის] /
_cპ. ლორთქიფანიძე ; რედ. ლ. ბოჭორიშვილი.
264 _aთბილისი :
_bგანათლება,
_c1982.
300 _a43 გვ. ;
_c 20 სმ.
541 _h10თ.
653 _aქართული ენა
653 _aქართული ენის ფონეტიკა
653 _a სავარჯიშოები
700 _aბოჭორიშვილი, ლ.
_eრედაქტორი
_92739
942 _cBK
_2udc